The employment relationship : (Record no. 19183)

MARC details
000 -LEADER
fixed length control field 01036cam a22002771a 4500
001 - CONTROL NUMBER
control field 16706918
005 - DATE AND TIME OF LATEST TRANSACTION
control field 20160724112147.0
008 - FIXED-LENGTH DATA ELEMENTS--GENERAL INFORMATION
fixed length control field 110325t2011 enk f bl 001 0 eng d
020 ## - INTERNATIONAL STANDARD BOOK NUMBER
International Standard Book Number 9789221233022 (ILO)
020 ## - INTERNATIONAL STANDARD BOOK NUMBER
International Standard Book Number 9781841134208 (Hart)
040 ## - CATALOGING SOURCE
Original cataloging agency BTCTA
Language of cataloging eng
Transcribing agency BTCTA
Modifying agency YDXCP
-- CDX
-- BWX
-- GUL
-- SUC
-- DLC
-- EG-ScBUE
082 00 - DEWEY DECIMAL CLASSIFICATION NUMBER
Classification number 344.01
Item number EMP
Edition number 22
245 04 - TITLE STATEMENT
Title The employment relationship :
Remainder of title a comparative overview /
Statement of responsibility, etc edited by Giuseppe Casale.
260 ## - PUBLICATION, DISTRIBUTION, ETC. (IMPRINT)
Place of publication, distribution, etc Oxford :
Name of publisher, distributor, etc Hart Publishing ;
Place of publication, distribution, etc Geneva :
Name of publisher, distributor, etc International Labour Office,
Date of publication, distribution, etc c.2011.
300 ## - PHYSICAL DESCRIPTION
Extent xxv, 322 p. ;
Dimensions 24 cm.
500 ## - GENERAL NOTE
General note Index : p. 296-322.
504 ## - BIBLIOGRAPHY, ETC. NOTE
Bibliography, etc Bibliography : p. 287-295.
650 #0 - SUBJECT ADDED ENTRY--TOPICAL TERM
Topical term or geographic name as entry element Industrial relations.
9 (RLIN) 34909
653 ## - INDEX TERM--UNCONTROLLED
Resource For college BAEPS, Business Administration
-- Generalities
Arrived date list April2015
655 ## - INDEX TERM--GENRE/FORM
Form subdivision
-- 34232
650 #0 - SUBJECT ADDED ENTRY--TOPICAL TERM
9 (RLIN) 37619
Topical term or geographic name as entry element Labor laws and legislation, International
700 1# - ADDED ENTRY--PERSONAL NAME
Personal name Casale, Giuseppe,
Relator term editor.
9 (RLIN) 37620
710 2# - ADDED ENTRY--CORPORATE NAME
Corporate name or jurisdiction name as entry element International Labour Office.
9 (RLIN) 37621
710 2# - ADDED ENTRY--CORPORATE NAME
Corporate name or jurisdiction name as entry element International Institute for Labour Studies.
9 (RLIN) 37622
942 ## - ADDED ENTRY ELEMENTS (KOHA)
Source of classification or shelving scheme Dewey Decimal Classification
Call number prefix 344.01 EMP
Holdings
Withdrawn status Item status Source of classification or shelving scheme Damaged status Not for loan Vendor Home library Current library Shelving location Date acquired Source of acquisition Cost, normal purchase price Total Checkouts Total Renewals Full call number Barcode Date last seen Date last borrowed Cost, replacement price Koha item type
    Dewey Decimal Classification     Baccah Central Library Central Library First floor 09/04/2015   270.00 1 53 344.01 EMP 000037981 15/07/2025 02/12/2023 337.50 Book - Borrowing
    Dewey Decimal Classification     Baccah Central Library Central Library First floor 09/04/2015   270.00     344.01 EMP 000037982 15/07/2025   337.50 Book - Borrowing
    Dewey Decimal Classification     Baccah Central Library Central Library First floor 09/04/2015   270.00 2 3 344.01 EMP 000037983 15/07/2025 19/10/2021 337.50 Book - Borrowing
    Dewey Decimal Classification     Baccah Central Library Central Library First floor 09/04/2015   270.00     344.01 EMP 000037984 15/07/2025   337.50 Book - Borrowing
    Dewey Decimal Classification     Baccah Central Library Central Library First floor 09/04/2015   270.00 2 3 344.01 EMP 000037985 06/04/2026 29/03/2026 337.50 Book - Borrowing